Obispo Fernando Ariztía: 25 años acompañando a su pueblo

Сохранить в:
Библиографические подробности
Формат:
Язык:испанский
Опубликовано: Copiapó s.n 1992
Предметы:
Метки: Добавить метку
Нет меток, Требуется 1-ая метка записи!

MARC

LEADER 00000nam a2200000 a 4500
001 UCM3167
003 CL-VaPUC
008 020628e19920000cl |||||||||||||||||spa|d
082 0 4 |a 262.12  |b OBI  |2 21 
245 1 0 |a Obispo Fernando Ariztía: 25 años acompañando a su pueblo 
300 |a 204 p 
942 |c BK 
945 |d 20020628 00:00:00  |a cmena 
260 |a Copiapó  |b s.n  |c 1992 
600 0 7 |a ARIZTIA RUIZ, FERNANDO  |2 CL-VaPUC  |9 469934 
650 7 |a OBISPOS DE CHILE  |2 CL-VaPUC  |9 469935 
650 0 |a Iglesia Católica  |9 256114 
650 0 |a Trabajo social   |9 307856 
651 0 |a Copiapó  |9 314911 
651 7 |a CHILE  |2 CL-VaPUC  |9 469936 
583 |a last modification  |c 20180109 10:37:41  |k Rodrigo Vera 
999 |c 300656  |d 300654 
952 |0 0  |1 0  |4 0  |6 262_120000000000000_OBI_1992  |7 0  |8 DER_HDC  |9 358690  |a BIBDER  |b BIBDER  |d 2019-11-21  |i 3823067  |o 262.12 OBI 1992  |p 3823067  |r 2023-01-25  |w 2019-11-21  |x Ubicación 4to Piso  |y BK  |z Estos recursos deben solicitarse con anticipación  |k DER